<?xml version="1.0" encoding="UTF-8"?><?xml-stylesheet type="text/xsl" href="static/style.xsl"?><OAI-PMH xmlns="http://www.openarchives.org/OAI/2.0/" xmlns:xsi="http://www.w3.org/2001/XMLSchema-instance" xsi:schemaLocation="http://www.openarchives.org/OAI/2.0/ http://www.openarchives.org/OAI/2.0/OAI-PMH.xsd"><responseDate>2026-06-04T05:44:48Z</responseDate><request verb="GetRecord" identifier="oai:riuma.uma.es:10630/23574" metadataPrefix="marc">https://riuma.uma.es/rest/oai/request</request><GetRecord><record><header><identifier>oai:riuma.uma.es:10630/23574</identifier><datestamp>2026-02-03T12:19:19Z</datestamp><setSpec>com_10630_2254</setSpec><setSpec>col_10630_37959</setSpec></header><metadata><record xmlns="http://www.loc.gov/MARC21/slim" xmlns:dcterms="http://purl.org/dc/terms/" xmlns:doc="http://www.lyncode.com/xoai" xmlns:xsi="http://www.w3.org/2001/XMLSchema-instance" xsi:schemaLocation="http://www.loc.gov/MARC21/slim http://www.loc.gov/standards/marcxml/schema/MARC21slim.xsd">
   <leader>00925njm 22002777a 4500</leader>
   <datafield ind2=" " ind1=" " tag="042">
      <subfield code="a">dc</subfield>
   </datafield>
   <datafield ind2=" " ind1=" " tag="720">
      <subfield code="a">Urrutia, María</subfield>
      <subfield code="e">author</subfield>
   </datafield>
   <datafield ind2=" " ind1=" " tag="720">
      <subfield code="a">Meco, Victoriano</subfield>
      <subfield code="e">author</subfield>
   </datafield>
   <datafield ind2=" " ind1=" " tag="720">
      <subfield code="a">Rambla, José L</subfield>
      <subfield code="e">author</subfield>
   </datafield>
   <datafield ind2=" " ind1=" " tag="720">
      <subfield code="a">Toivainen, Tuomas</subfield>
      <subfield code="e">author</subfield>
   </datafield>
   <datafield ind2=" " ind1=" " tag="720">
      <subfield code="a">Pillet, Jeremy</subfield>
      <subfield code="e">author</subfield>
   </datafield>
   <datafield ind2=" " ind1=" " tag="720">
      <subfield code="a">Trapero Mozos, Almudena</subfield>
      <subfield code="e">author</subfield>
   </datafield>
   <datafield ind2=" " ind1=" " tag="720">
      <subfield code="a">Martín-Pizarro, Carmen</subfield>
      <subfield code="e">author</subfield>
   </datafield>
   <datafield ind2=" " ind1=" " tag="720">
      <subfield code="a">Salas, Joaquín</subfield>
      <subfield code="e">author</subfield>
   </datafield>
   <datafield ind2=" " ind1=" " tag="720">
      <subfield code="a">Granell, Antonio</subfield>
      <subfield code="e">author</subfield>
   </datafield>
   <datafield ind2=" " ind1=" " tag="720">
      <subfield code="a">Hytönen, Timo</subfield>
      <subfield code="e">author</subfield>
   </datafield>
   <datafield ind2=" " ind1=" " tag="720">
      <subfield code="a">Posé-Padilla, David</subfield>
      <subfield code="e">author</subfield>
   </datafield>
   <datafield ind2=" " ind1=" " tag="260">
      <subfield code="c">2021-11-26</subfield>
   </datafield>
   <datafield ind2=" " ind1=" " tag="520">
      <subfield code="a">Woodland strawberry (Fragaria vesca, 2x) is the diploid closest ancestor of the cultivated strawberry (F. x ananassa, 8x) and the model species for genetic studies in the Fragaria genus. It is naturally distributed across Europe and it is appreciated for its delicate aroma and flavor.&#xd;
Methyl ketones are compounds with demonstrated insect repellent effects (Antonious et al., 2003). Its synthesis, reported to take place in glandular trichomes of wild tomato (Solanum habrochaites), is mediated by a thioesterase (ShMKS2) and a decarboxylase (ShMKS1) (Fridman et al., 2005; Ben-Israel et al., 2009; Yu et al., 2010).&#xd;
Through genome wide association analysis (GWAS) in a natural collection of European woodland strawberry (199 accessions), we identified a series of polymorphisms linked to the accumulation of C7, C9 and C11 methyl ketones (2-heptanone, 2-nonanone, 2-undecanone), their respective secondary alcohols (2-heptanol, 2-nonanol, 2-undecanol) and their precursors (methyl octanoate,&#xd;
methyl decanoate, methyl dodecanoate). In addition, the candidate region presented three different haplotypes with different patterns of methyl ketones accumulation, suggesting differences in enzymatic activity and/or substrate&#xd;
affinity.&#xd;
The candidate region includes two thioesterases homologues to ShMKS2, FvMKS2A, FvMKS2B. Functional validation of both genes has revealed methyl ketones synthesis ability in transient expression in Nicotiana benthamiana and E. coli. The specificity of these candidate genes is currently under study though several approaches, including transient expression in different hosts and&#xd;
enzymatic function characterization.</subfield>
   </datafield>
   <datafield ind1="8" ind2=" " tag="024">
      <subfield code="a">https://hdl.handle.net/10630/23574</subfield>
   </datafield>
   <datafield tag="653" ind2=" " ind1=" ">
      <subfield code="a">Fresas</subfield>
   </datafield>
   <datafield ind2="0" ind1="0" tag="245">
      <subfield code="a">Identification of genes responsible of the synthesis of the volatile Methyl Ketone in Woodland Strawberry</subfield>
   </datafield>
</record>
</metadata></record></GetRecord></OAI-PMH>